[Event "Loja Feda op"]
[Site "Loja "]
[Date "2006.01.21"]
[Round "3"]
[White "Wong, Erick"]
[Black "Cordova, Juan Pablo"]
[Result "1-0"]
[WhiteElo "2064"]
[BlackElo "2061"]
[PlyCount "55"]
[EventDate "2006.01.20"]
[EventType "swiss"]
[EventRounds "9"]
[EventCountry "ECU"]
[SourceTitle "EXT 2007"]
[Source "ChessBase"]
[SourceDate "2006.11.23"]
[SourceVersion "1"]
[SourceVersionDate "2006.11.23"]
[SourceQuality "1"]

1. d4 Nf6 2. c4 e6 3. Nc3 Bb4 4. Qc2 d5 5. Bg5 0-0 6. e3 Nbd7 7. Nf3 Bxc3+ 8. bxc3 c6 9. Bd3 Qc7 10. 0-0 b6 11. Bf4 Qd8 12. cxd5 cxd5 13. Ne5 Bb7 14. Bg5 h6 15. Nxd7 Qxd7 16. Bxf6 gxf6 17. f4 f5 18. Rf3 f6 19. Rh3 Kg7 20. Kf2 Rh8 21. Rg1 h5 22. Be2 h4 23. g3 Kf7 24. gxh4 Rag8 25. Rhg3 Kf8 26. Qb3 Bc6 27. Qb4+ Kf7 28. Bh5+ 1-0

[Event "Loja Feda op"]
[Site "Loja "]
[Date "2006.01.20"]
[Round "2"]
[White "Cordova, Juan Pablo"]
[Black "Celis Sanchez, Carlos"]
[Result "0-1"]
[WhiteElo "2061"]
[BlackElo "2260"]
[PlyCount "50"]
[EventDate "2006.01.20"]
[EventType "swiss"]
[EventRounds "9"]
[EventCountry "ECU"]
[SourceTitle "EXT 2007"]
[Source "ChessBase"]
[SourceDate "2006.11.23"]
[SourceVersion "1"]
[SourceVersionDate "2006.11.23"]
[SourceQuality "1"]

1. e4 g6 2. d4 Bg7 3. Nf3 d6 4. Be3 c5 5. c3 cxd4 6. Bxd4 Nf6 7. Bxf6 Bxf6 8. Bc4 Nc6 9. Nbd2 0-0 10. 0-0 Qc7 11. Re1 b6 12. Qe2 Bb7 13. Ba6 Rac8 14. Bxb7 Qxb7 15. Rad1 b5 16. a3 a5 17. Nb3 b4 18. axb4 axb4 19. Nbd4 Ne5 20. Nxe5 Bxe5 21. c4 Qb6 22. Qd3 Qc5 23. b3 Ra8 24. Nb5 Ra2 25. Qd5 Qxf2+ 0-1